The Brandeis/Frankfurter connection : the secret political activities of two Supreme Court justices /

Bibliographic Details
Main Author: Murphy, Bruce Allen
Format: Book
Language:English
Published: New York : Oxford University Press, 1982.
Subjects:

MARC

Tag First Indicator Second Indicator Subfields
LEADER 00000pam a2200000 a 4500
001 in00000087155
005 20151008064751.0
008 820125s1982 nyu b 00110 eng
010 |a  82002104  
020 |a 0195031229 :  |c $18.95 
035 |a (OCoLC)08170379 
035 |9 AAK4762AM 
039 0 |a 2  |b 3  |c 3  |d 3  |e 3 
040 |a DLC  |c DLC  |d TXA  |d UtOrBLW 
043 |a n-us--- 
049 |a TXAM  |c [1673092] 
050 0 0 |a KF8744  |b .M87 
082 0 |a 347.73/2634  |a 347.3073534  |2 19 
100 1 |a Murphy, Bruce Allen. 
245 1 4 |a The Brandeis/Frankfurter connection :  |b the secret political activities of two Supreme Court justices /  |c Bruce Allen Murphy. 
264 1 |a New York :  |b Oxford University Press,  |c 1982. 
300 |a x, 473 pages ;  |c 24 cm. 
336 |a text  |b txt  |2 rdacontent 
337 |a unmediated  |b n  |2 rdamedia 
338 |a volume  |b nc  |2 rdacarrier 
500 |a Includes index. 
504 |a Bibliography: pages 453-466. 
600 1 0 |a Brandeis, Louis Dembitz,  |d 1856-1941. 
600 1 0 |a Frankfurter, Felix,  |d 1882-1965. 
650 0 |a Judges  |z United States. 
650 0 |a Law  |z United States  |x History. 
999 |a MARS 
999 f f |s f679ef8c-0659-3d53-91bc-dfee05b4a4c2  |i 3a1476fe-c0af-3ea0-9200-309241844bf4  |t 0 
952 f f |p ric  |a Texas A&M University  |b Rellis Campus  |c Joint Library Facility  |d Remote Storage  |t 0  |e KF8744 .M87  |h Library of Congress classification  |i unmediated -- volume  |m A14817419013 
998 f f |a KF8744 .M87  |t 0  |l Remote Storage